Los acuerdos entre la Iglesia y España
Saved in:
| Main Authors: | , |
|---|---|
| Format: | Book |
| Language: | Spanish |
| Published: |
Madrid
Biblioteca de Autores Cristianos
1980
|
| Subjects: | |
| Tags: |
Add Tag
No Tags, Be the first to tag this record!
|
MARC
| LEADER | 00000nam a2200000 a 4500 | ||
|---|---|---|---|
| 001 | UCV2881 | ||
| 003 | CL-VaPUC | ||
| 008 | 921216e19800000SP |||||||||||||||||spa|d | ||
| 082 | 0 | 4 | |a 261.7 |b COR |2 21 |
| 100 | 0 | |a Corral, C |e author |9 297182 | |
| 700 | 0 | |a Echeverría, L. de |e author |9 297183 | |
| 245 | 1 | 4 | |a Los acuerdos entre la Iglesia y España |
| 300 | |a 810 p | ||
| 942 | |c BK | ||
| 945 | |d 19921216 00:00:00 | ||
| 260 | |a Madrid |b Biblioteca de Autores Cristianos |c 1980 | ||
| 600 | 0 | |a Iglesia católica |9 255129 | |
| 650 | 0 | |a Iglesia y Estado |9 254995 | |
| 651 | 0 | |a España |9 254926 | |
| 583 | |a last modification |c 19921216 00:00:00 |k Rodrigo Vera | ||
| 999 | |c 210339 |d 210337 | ||
| 952 | |0 0 |1 0 |4 0 |6 261_700000000000000_COR_1980 |7 0 |8 A |9 186486 |a BIBDER |b BIBDER |d 2019-11-14 |i 2539772 |l 1 |m 1 |o 261.7 COR 1980 |p 2539772 |r 2024-09-10 |s 2024-09-02 |w 2019-11-14 |y BK |k DER | ||